000 00612nam a2200181Ia 4500
008 151202s9999||||xx |||||||||||||| ||und||
082 _bPNVM-38576
100 _aकेशव दत्ता.
245 _aमाझा कुणा म्हणू मी.
260 _b"परचुरे प्रकाशन,मुंबई."
260 _c1979
300 _a99
600 _aकेशव दत्ता.
630 _aमाझा कुणा म्हणू मी.
700 _aकेशव दत्ता.
730 _aमाझा कुणा म्हणू मी.
942 _cBOOK
999 _c1304528
_d1304525